Tabela serie a 2021/2022 - Statystyki

Ogólne statystyki
  • Ten quiz został rozwiązany 67 razy
  • Średni wynik to 14 z 20
Statystyki odpowiedzi
Miejsce Klub % Poprawnych
1 Ac Milan
100%
4 Juventus
100%
2 Inter Mediolan
98%
6 As Roma
95%
3 Napoli
91%
5 Lazio
89%
7 Fiorentina
73%
8 Atalanta
71%
11 Sassuolo
65%
16 Spezia
65%
10 Torino
64%
15 Sampdoria
60%
9 Hellas Werona
56%
19 Genoa
56%
13 Bologna
55%
12 Udinese
55%
14 Empoli
51%
17 Salernitana
49%
20 Venezia
47%
18 Cagliari
31%
Nie znaleziono quizów pasujących do podanych kryteriów
Rozkład punktacji
Procent ludzi z każdym wynikiem
Percentyl według liczby udzielonych odpowiedzi
Twoja historia wyników
Nie rozwiązałeś tego quizu